000 00359 a2200157 4500
001 48419
020 _a9788516102470
040 _cAnchieta - Bela Vista
100 _aD´Aquino, Cássia
240 1 0 _aDinheiro compra tudo?
_lpor
245 1 0 _aDinheiro compra tudo?
300 _a59
362 0 _a2016
650 4 _aLiteratura infanto-juvenil
942 _cBK
999 _c48419
_d48419